000 00228 a2200097 4500
001 49493
100 _aTreble
245 _aTales of adventure imagination
260 _aLondon
_bOxford university press
_c
090 _c32024
_d32024
942 _aNUST-CAE
_cM
_c24475
999 _c284566
_d284566